000 00470 a2200193 4500
001 140558
040 _cLeonardo Da Vinci
041 _aPortuguês
082 _aIJ F767cb
_bF767cb
100 _aFONTES, Ofélia
_aFONTES, Narbal
245 _aCoração de onça
250 _a2.ed
260 _bÁtica
_c1972
_aSão Paulo
300 _a136
362 _a19720000
490 _aBom Livro
697 _aLiteratura infanto-juvenil
_aAventura
_aMistério
942 _cBK
999 _c140558
_d140558